Library Banner

The end of the ottoman empire 1908-1923 (Record no. 18567)

MARC details
000 -LEADER
fixed length control field 00472nam a2200181Ia 4500
001 - CONTROL NUMBER
control field 18171
008 - FIXED-LENGTH DATA ELEMENTS--GENERAL INFORMATION
fixed length control field 140405s9999 xx 000 0 und d
020 ## - INTERNATIONAL STANDARD BOOK NUMBER
International Standard Book Number 0-582-28762-6
040 ## - CATALOGING SOURCE
Transcribing agency PK-LaUMT
082 ## - DEWEY DECIMAL CLASSIFICATION NUMBER
Classification number 956.015
Item number MAC-E
100 ## - MAIN ENTRY--PERSONAL NAME
Personal name A. L. Macfie
245 #4 - TITLE STATEMENT
Title The end of the ottoman empire 1908-1923
Statement of responsibility, etc A. L. Macfie
260 ## - PUBLICATION, DISTRIBUTION, ETC. (IMPRINT)
Place of publication, distribution, etc London,UK:
Name of publisher, distributor, etc Long man,
Date of publication, distribution, etc NA
300 ## - PHYSICAL DESCRIPTION
Extent 258 p.
546 ## - LANGUAGE NOTE
Language note EN
650 ## - SUBJECT ADDED ENTRY--TOPICAL TERM
Topical term or geographic name as entry element Turkey-history-Ottoman empire `1288-1918
942 ## - ADDED ENTRY ELEMENTS (KOHA)
Koha item type Books
Holdings
Withdrawn status Lost status Damaged status Not for loan Home library Current library Date acquired Total Checkouts Full call number Barcode Date last seen Date checked out Price effective from Koha item type
        UMT Main Campus UMT Main Campus 2014-04-05 12 956.015 MAC-E 21333 2024-04-03 2024-03-19 2014-04-22 Books